000 00369nam a22001457a 4500
999 _c197506
_d197506
008 230824b ||||| |||| 00| 0 eng d
082 _aS-SOR
100 _aSorabhai. P Mrinalini
245 _aThe Story of India
_hEnglish
260 _aDelhi
_bA.I.C.B.
_cRohini
270 _aA.I.C.B. Rohini, Delhi
300 _a12x13
490 _v1
942 _2ddc
_cBRLEN
_kS
_mSOR